Owl House Pic Quiz - Statistics

General Stats
  • This quiz has been taken 15 times
  • The average score is 14 of 28
Answer Stats
Picture Answer % Correct
Amity Blight
83%
King
83%
Hooty
75%
Luz Noceda
75%
Flapjack
67%
Owlbert
67%
The Collector
67%
Boscha
58%
Camila Noceda
58%
Eda Clawthorne
58%
Hunter
58%
Kikimora
58%
Lilith Clawthorne
58%
Stringbean
58%
Ghost
50%
Raine Whispers
50%
Vee Noceda
50%
Willow Park
50%
Emperor Belos
42%
Skara
42%
Augustus Porter
33%
Clover
33%
Philip Wittebane
33%
Matt Tholomule
25%
Amelia
17%
Cat
17%
Emmiline Bailey Marcostimo
17%
Hieronymus Bump
17%
No matching quizzes found
Score Distribution
Percent of People with Each Score
Percentile by Number Answered
Your Score History
You have not taken this quiz